Central Library and Information Centre
Sibsagar Girls' College, Sivasagar : Assam

SUSTAINABLE RURAL DEVELOPMENT FOR DISASTER MITIGATION (Record no. 9913)

MARC details
000 -LEADER
fixed length control field 00525cam a2200193ua 4500
008 - FIXED-LENGTH DATA ELEMENTS--GENERAL INFORMATION
fixed length control field 160712n2004 II |||gr||||Z||||||eng
040 ## - CATALOGING SOURCE
Original cataloging agency MAIN
041 ## - LANGUAGE CODE
-- English
082 ## - DEWEY DECIMAL CLASSIFICATION NUMBER
Classification number 307.1412 SHA
100 ## - MAIN ENTRY--PERSONAL NAME
Personal name SHARMA, SATYENDRA.
245 ## - TITLE STATEMENT
Title SUSTAINABLE RURAL DEVELOPMENT FOR DISASTER MITIGATION
260 ## - PUBLICATION, DISTRIBUTION, ETC.
Place of publication, distribution, etc. NEW DELHI
Name of publisher, distributor, etc. CONCEPT PUBLISHING COOPERATION
Date of publication, distribution, etc. 2004
300 ## - PHYSICAL DESCRIPTION
Extent 272:
Dimensions 22CM.
700 ## - ADDED ENTRY--PERSONAL NAME
Personal name SHARMA, SATYENDRA.,
Relator term Author.
700 ## - ADDED ENTRY--PERSONAL NAME
Personal name VINOD, K.
942 ## - ADDED ENTRY ELEMENTS (KOHA)
Koha item type Books
653 ## - INDEX TERM--UNCONTROLLED
Uncontrolled term Rural Development of India
Holdings
Withdrawn status Lost status Damaged status Not for loan Collection code Home library Current library Shelving location Date acquired Full call number Barcode Date last seen Copy number Price effective from Koha item type
        REFSOC Central Library and Information Centre Sibsagar Girls College Central Library and Information Centre Sibsagar Girls College Location Not Found 01.08.2006 307.1412 SHA 21515 27.02.2020 1 27.02.2020 Books


Sibsagar Girl's College © 2020. All rights reserved.
Powered by Koha.
Maintained by Abhijit Borpuzari.